| 000 | 00440cam a2200181ua 4500 | ||
|---|---|---|---|
| 020 | _c12.00 | ||
| 041 |
_aeng _h |
||
| 082 |
_a690.0223 _bSAN/PL |
||
| 100 | _aSane, Y.S . | ||
| 245 |
_aPlanning and designing building / _cY.S.Sane. _hTextual Documents |
||
| 250 |
_a2 / _b. |
||
| 260 |
_aPoona : _bModern publishing house , _c1964. |
||
| 300 | _a229 ; . | ||
| 365 | _a12.00 | ||
| 504 | _a | ||
| 942 | _cBK | ||
| 999 |
_c1513 _d1513 |
||